000 00269nam a22001217a 4500
008 190305b xxu||||| |||| 00| 0 eng d
041 _aeng
080 _a721
100 _a41
101 _aARK
245 _aExperiencing Architecture
_cRasmussen,S.E
942 _2udc
_cBK
999 _c54563
_d54563